000 01141cam a2200229 4500
001 WB3833-03
008 020909n2002 000 0 eng u
035 _a(Sirsi) u119593
245 _aConstruction output and employment
260 _c2002
490 _aDTI Press Release
_v(OEC-Q202) 6 September 2002 (2)
520 _aTotal volume of construction output in the year to the second quarter of 2002 rose by 7% compared with the previous 12 months. Both new work and repair and maintenance work rose overall in the same period. Output in the second quarter 2002 rose by 1% in volume terms and 3% in current prices compared with the first quarter of 2002. Tables are available from http://www.dti.gov.uk/construction/stats/060902/pressrel060902.htm http://www.nds.coi.gov.uk/coi/coipress.nsf/4eb388ccc4bff3e880256bf4003360fb/f5cda943fc8766d880256c2c002f97c0?OpenDocument
590 _aWB
650 _aCONSTRUCTION OUTPUT
650 _aCONSTRUCTION WORK
650 _aCONSTRUCTION EMPLOYMENT
650 _aNEW WORK
650 _aREPAIR WORK
650 _aMAINTENANCE WORKS
690 _aBUILT ENVIRONMENT
942 _n0
999 _c71109
_d71109